000
00254nam a2200097Ia 4500
001
679568
005
20250826161058.0
008
250824s9999 xx 000 0 und d
245
0
_a
KAPTAN, BALİNA VE ÇOCUKLAR
_c
JOAN AİKEN
260
_b
GÜNIŞIĞI YAYINLARI
999
_c
679568
_d
679568